| 000 | 00646nam a22001697a 4500 | ||
|---|---|---|---|
| 008 | 150218b xxu||||| |||| 00| 0 eng d | ||
| 020 | _a9780715630877 | ||
| 050 | _aDT731.L75 2001 | ||
| 100 |
_aLivingstone, David _915362 |
||
| 245 |
_aNarrative of an Expedition to the Zambezi and its tributaries _band of the discovery of the Lakes Shirwa and Nyassa 1858-1864 _cDavid and Charles Livingstone |
||
| 260 |
_aLondon _bDuckworth _c2001 |
||
| 300 |
_axviii, 458p. ; _c23cm. |
||
| 440 |
_aDuckworth discoveries _915363 |
||
| 650 |
_aAfrica, Central _xdesription and travel _915364 |
||
| 700 |
_aLivingstone, Charles _915657 |
||
| 942 |
_2lcc _cMONOGRAPH |
||
| 999 |
_c122121 _d122121 |
||